[Event "DEM U12 2017"]
[Site "Willingen GER"]
[Date "2017.06.09"]
[Round "9"]
[White "Krastev, Alexander"]
[Black "Lutz, Ruben"]
[Result "1/2-1/2"]
[Termination "normal"]
[Board "1"]
[WhiteElo "2180"]
[BlackElo "1893"]
[WhiteClock "00:13:31"]
[BlackClock "00:27:04"]
[PlyCount "65"]
[WhiteFideId "12989983"]
[BlackFideId "12975974"]
[EventCountry "GER"]
[EventRounds "11"]
[EventType "swiss"]
[EventDate "2017.06.03"]

1. d4 {[%clk 1:15:53]} 1... d5 {[%clk 1:15:53]} 2. Bf4 {[%clk 1:16:17]} 2... c5
{[%clk 1:16:06]} 3. e3 {[%clk 1:16:41]} 3... Nc6 {[%clk 1:16:24]} 4. c3 { [%clk
1:17:04]} 4... Nf6 {[%clk 1:15:31]} 5. Nd2 {[%clk 1:17:22]} 5... Bf5 { [%clk
1:13:30]} 6. Ngf3 {[%clk 1:17:39]} 6... e6 {[%clk 1:13:36]} 7. Be2 { [%clk
1:16:13]} 7... Be7 {[%clk 1:13:10]} 8. h3 {[%clk 1:14:43]} 8... h6 { [%clk
1:13:26]} 9. Qb3 {[%clk 1:12:36]} 9... Qb6 {[%clk 1:12:53]} 10. O-O { [%clk
1:12:27]} 10... c4 {[%clk 1:12:48]} 11. Qxb6 {[%clk 1:12:49]} 11... axb6 {[%clk
1:13:13]} 12. Ne5 {[%clk 1:11:20]} 12... b5 {[%clk 1:07:13]} 13. a3 { [%clk
1:11:24]} 13... Nxe5 {[%clk 1:06:56]} 14. dxe5 {[%clk 1:11:24]} 14... Nd7
{[%clk 1:04:25]} 15. Nf3 {[%clk 0:51:02]} 15... Bc5 {[%clk 0:44:47]} 16. Nd4 {
[%clk 0:50:54]} 16... Bxd4 {[%clk 0:45:12]} 17. exd4 {[%clk 0:51:20]} 17... Ke7
{[%clk 0:45:19]} 18. Bd2 {[%clk 0:47:46]} 18... Nb6 {[%clk 0:40:26]} 19. Rae1 {
[%clk 0:47:27]} 19... Raf8 {[%clk 0:37:59]} 20. f4 {[%clk 0:46:34]} 20... h5 {
[%clk 0:35:23]} 21. g4 {[%clk 0:33:52]} 21... hxg4 {[%clk 0:34:45]} 22. hxg4 {
[%clk 0:34:19]} 22... Be4 {[%clk 0:35:07]} 23. Bf3 {[%clk 0:34:43]} 23... Bxf3
{[%clk 0:35:09]} 24. Rxf3 {[%clk 0:35:09]} 24... Rh4 {[%clk 0:35:32]} 25. Rg3 {
[%clk 0:35:35]} 25... Rfh8 {[%clk 0:35:45]} 26. Kf2 {[%clk 0:34:31]} 26... Na4
{[%clk 0:34:51]} 27. Bc1 {[%clk 0:34:49]} 27... Rh2+ {[%clk 0:29:11]} 28. Rg2 {
[%clk 0:35:12]} 28... g6 {[%clk 0:27:32]} 29. Reg1 {[%clk 0:25:40]} 29... Rh1
30. Rxh1 {[%clk 0:12:14]} 30... Rxh1 {[%clk 0:26:15]} 31. Rg1 {[%clk 0:12:39]}
31... Rh2+ {[%clk 0:26:38]} 32. Rg2 {[%clk 0:13:04]} 32... Rh1 {[%clk 0:27:04]}
33. Rg1 {[%clk 0:13:31]} 1/2-1/2

[Event "DEM U12 2017"]
[Site "Willingen GER"]
[Date "2017.06.09"]
[Round "9"]
[White "Pubantz, Jan"]
[Black "Colbow, Collin"]
[Result "1/2-1/2"]
[Termination "normal"]
[Board "2"]
[WhiteElo "1999"]
[BlackElo "1968"]
[WhiteClock "00:03:35"]
[BlackClock "00:26:06"]
[PlyCount "61"]
[WhiteFideId "12996114"]
[BlackFideId "16201132"]
[EventCountry "GER"]
[EventRounds "11"]
[EventType "swiss"]
[EventDate "2017.06.03"]

1. d4 {[%clk 1:15:58]} 1... Nf6 {[%clk 1:15:54]} 2. c4 {[%clk 1:16:24]} 2... e6
{[%clk 1:16:17]} 3. g3 {[%clk 1:16:46]} 3... Bb4+ {[%clk 1:16:41]} 4. Nd2 {
[%clk 1:17:04]} 4... O-O {[%clk 1:16:58]} 5. Bg2 {[%clk 1:16:44]} 5... d5 {
[%clk 1:16:34]} 6. Ngf3 {[%clk 1:16:55]} 6... b6 {[%clk 1:14:46]} 7. O-O {
[%clk 1:11:36]} 7... Bb7 {[%clk 1:14:18]} 8. Ne5 {[%clk 0:56:32]} 8... Nbd7 {
[%clk 1:13:29]} 9. Qa4 {[%clk 0:50:06]} 9... Bd6 {[%clk 1:09:46]} 10. cxd5 {
[%clk 0:41:16]} 10... exd5 {[%clk 1:06:46]} 11. Ndc4 {[%clk 0:39:39]} 11...
Bxe5 {[%clk 0:58:51]} 12. Nxe5 {[%clk 0:35:52]} 12... Re8 {[%clk 0:55:44]} 13.
Nxd7 {[%clk 0:24:26]} 13... Nxd7 {[%clk 0:55:03]} 14. Qc2 {[%clk 0:24:08]}
14... Nf6 {[%clk 0:53:14]} 15. Bf4 {[%clk 0:23:34]} 15... c6 {[%clk 0:51:24]}
16. Bf3 {[%clk 0:23:09]} 16... Qd7 {[%clk 0:51:07]} 17. Rac1 {[%clk 0:22:00]}
17... Rac8 {[%clk 0:50:28]} 18. Qd3 {[%clk 0:18:30]} 18... Ne4 {[%clk 0:49:33]}
19. Kg2 {[%clk 0:17:28]} 19... Qf5 {[%clk 0:47:14]} 20. h3 {[%clk 0:13:34]}
20... h5 {[%clk 0:46:42]} 21. h4 {[%clk 0:13:46]} 21... c5 {[%clk 0:42:46]} 22.
Kh2 {[%clk 0:11:20]} 22... Qg6 {[%clk 0:39:21]} 23. Bg2 {[%clk 0:10:32]} 23...
cxd4 {[%clk 0:34:44]} 24. Rxc8 {[%clk 0:07:09]} 24... Rxc8 25. Bh3 { [%clk
0:07:23]} 25... Rc4 {[%clk 0:30:39]} 26. Be5 {[%clk 0:04:33]} 26... Nc5 { [%clk
0:27:44]} 27. Qxg6 {[%clk 0:04:38]} 27... fxg6 {[%clk 0:28:08]} 28. Rd1 { [%clk
0:04:26]} 28... Rc2 {[%clk 0:28:18]} 29. Bxd4 {[%clk 0:04:35]} 29... Rxe2
{[%clk 0:28:29]} 30. Kg2 {[%clk 0:03:44]} 30... Ne6 {[%clk 0:26:06]} 31. Bxe6+
{[%clk 0:03:35]} 1/2-1/2

[Event "DEM U12 2017"]
[Site "Willingen GER"]
[Date "2017.06.09"]
[Round "9"]
[White "Laux, Dominik"]
[Black "Bui, Bao Anh Le"]
[Result "1-0"]
[Termination "normal"]
[Board "3"]
[WhiteElo "1759"]
[BlackElo "1748"]
[WhiteClock "00:16:44"]
[BlackClock "00:00:31"]
[PlyCount "79"]
[WhiteFideId "12994219"]
[BlackFideId "12970719"]
[EventCountry "GER"]
[EventRounds "11"]
[EventType "swiss"]
[EventDate "2017.06.03"]

1. d4 {[%clk 1:15:59]} 1... d5 {[%clk 1:15:53]} 2. Bf4 {[%clk 1:16:18]} 2... e6
{[%clk 1:14:48]} 3. e3 {[%clk 1:16:41]} 3... Nf6 {[%clk 1:14:08]} 4. Nd2 {
[%clk 1:16:49]} 4... c5 {[%clk 1:13:44]} 5. c3 {[%clk 1:17:11]} 5... Nc6 {
[%clk 1:14:01]} 6. Bd3 {[%clk 1:17:26]} 6... Bd6 {[%clk 1:10:59]} 7. Bxd6 {
[%clk 1:17:46]} 7... Qxd6 {[%clk 1:11:20]} 8. f4 {[%clk 1:18:13]} 8... Nd7 {
[%clk 1:02:13]} 9. Ngf3 {[%clk 1:17:07]} 9... f5 10. O-O {[%clk 1:15:55]} 10...
O-O {[%clk 0:58:24]} 11. Ne5 {[%clk 1:13:51]} 11... Nf6 {[%clk 0:55:22]} 12.
Rc1 {[%clk 1:10:30]} 12... Ne4 {[%clk 0:51:19]} 13. Ndf3 {[%clk 1:08:30]} 13...
Rb8 {[%clk 0:38:30]} 14. Qe1 {[%clk 1:03:20]} 14... b5 {[%clk 0:31:17]} 15. a3
{[%clk 0:57:42]} 15... Na5 {[%clk 0:20:19]} 16. b4 {[%clk 0:49:48]} 16... cxb4
{[%clk 0:17:33]} 17. cxb4 {[%clk 0:45:19]} 17... Nc4 {[%clk 0:17:39]} 18. Nxc4
{[%clk 0:44:28]} 18... bxc4 {[%clk 0:17:46]} 19. Bxe4 {[%clk 0:44:33]} 19...
fxe4 {[%clk 0:17:40]} 20. Ne5 {[%clk 0:44:48]} 20... Bd7 {[%clk 0:13:51]} 21.
g4 {[%clk 0:43:36]} 21... Qe7 {[%clk 0:11:23]} 22. h4 {[%clk 0:43:05]} 22...
Be8 {[%clk 0:08:20]} 23. Qg3 {[%clk 0:41:38]} 23... a5 {[%clk 0:07:21]} 24.
bxa5 {[%clk 0:39:09]} 24... Rb3 {[%clk 0:07:09]} 25. a6 {[%clk 0:38:07]} 25...
Bb5 {[%clk 0:05:40]} 26. Rf2 {[%clk 0:37:06]} 26... Qxa3 {[%clk 0:05:14]} 27.
Re1 {[%clk 0:36:12]} 27... c3 {[%clk 0:05:11]} 28. f5 {[%clk 0:36:12]} 28...
Rb2 {[%clk 0:04:04]} 29. Rf4 {[%clk 0:34:17]} 29... Qa2 {[%clk 0:02:22]} 30.
fxe6 {[%clk 0:34:03]} 30... Rxf4 {[%clk 0:02:01]} 31. Qxf4 {[%clk 0:34:04]}
31... Rg2+ {[%clk 0:02:26]} 32. Kh1 {[%clk 0:33:23]} 32... Rf2 {[%clk 0:02:36]}
33. Qg3 {[%clk 0:33:06]} 33... Qd2 {[%clk 0:01:48]} 34. Rg1 {[%clk 0:30:31]}
34... Bxa6 {[%clk 0:01:13]} 35. Nd7 {[%clk 0:19:08]} 35... Qb2 {[%clk 0:00:47]}
36. e7 {[%clk 0:19:24]} 36... Kf7 {[%clk 0:01:04]} 37. Qd6 {[%clk 0:19:13]}
37... Ke8 {[%clk 0:00:32]} 38. Nc5 {[%clk 0:17:19]} 38... Rh2+ {[%clk 0:00:31]}
39. Qxh2 {[%clk 0:17:37]} 39... c2 {[%clk 0:00:31]} 40. Qd6 {[%clk 0:16:44]}
1-0

[Event "DEM U12 2017"]
[Site "Willingen GER"]
[Date "2017.06.09"]
[Round "9"]
[White "Lohvinov, Petro"]
[Black "Hommer, Jeremy"]
[Result "1-0"]
[Termination "normal"]
[Board "4"]
[WhiteElo "1823"]
[BlackElo "1899"]
[WhiteClock "00:48:40"]
[BlackClock "00:11:06"]
[PlyCount "77"]
[WhiteFideId "14176661"]
[BlackFideId "12992577"]
[EventCountry "GER"]
[EventRounds "11"]
[EventType "swiss"]
[EventDate "2017.06.03"]

1. e4 {[%clk 1:15:56]} 1... c6 {[%clk 1:15:53]} 2. d4 {[%clk 1:16:20]} 2... d5
{[%clk 1:16:19]} 3. exd5 {[%clk 1:16:45]} 3... cxd5 {[%clk 1:16:47]} 4. c4 {
[%clk 1:17:04]} 4... Nf6 {[%clk 1:17:05]} 5. Nc3 {[%clk 1:17:27]} 5... e6 {
[%clk 1:17:26]} 6. Nf3 {[%clk 1:17:52]} 6... Be7 {[%clk 1:16:48]} 7. cxd5 {
[%clk 1:17:53]} 7... Nxd5 {[%clk 1:16:32]} 8. Bd3 {[%clk 1:18:04]} 8... O-O {
[%clk 1:15:07]} 9. O-O {[%clk 1:18:29]} 9... Nc6 {[%clk 1:14:26]} 10. Re1 {
[%clk 1:17:47]} 10... Bf6 {[%clk 1:13:09]} 11. Qe2 {[%clk 1:15:00]} 11... Nxd4
{[%clk 1:10:08]} 12. Nxd4 {[%clk 1:15:17]} 12... Bxd4 {[%clk 1:10:07]} 13.
Bxh7+ {[%clk 1:15:29]} 13... Kxh7 {[%clk 1:09:45]} 14. Qd3+ {[%clk 1:15:51]}
14... Kg8 {[%clk 1:06:03]} 15. Qxd4 {[%clk 1:16:00]} 15... Nxc3 {[%clk 0:55:30]
} 16. Qxc3 {[%clk 1:16:17]} 16... b6 {[%clk 0:53:30]} 17. Bf4 {[%clk 1:12:50]}
17... Bb7 {[%clk 0:43:14]} 18. Rad1 {[%clk 1:10:03]} 18... Bd5 {[%clk 0:42:14]}
19. Qg3 {[%clk 0:57:38]} 19... Rc8 {[%clk 0:26:21]} 20. a3 {[%clk 0:54:16]}
20... Rc2 {[%clk 0:24:07]} 21. Be5 {[%clk 0:52:42]} 21... f6 {[%clk 0:22:08]}
22. Bc3 {[%clk 0:52:16]} 22... Qd7 {[%clk 0:21:09]} 23. Qg6 {[%clk 0:49:38]}
23... Qa4 {[%clk 0:14:38]} 24. Rd4 {[%clk 0:49:33]} 24... Bc4 {[%clk 0:12:55]}
25. Rxc4 {[%clk 0:49:35]} 25... Qxc4 {[%clk 0:13:13]} 26. Qxc2 {[%clk 0:49:56]}
26... Rd8 {[%clk 0:13:17]} 27. Qe4 {[%clk 0:49:27]} 27... Qb5 {[%clk 0:12:33]}
28. Qxe6+ {[%clk 0:49:35]} 28... Kh8 {[%clk 0:12:10]} 29. Bxf6 {[%clk 0:47:34]}
29... Rd2 {[%clk 0:09:13]} 30. Qe8+ {[%clk 0:46:31]} 30... Qxe8 {[%clk 0:09:16]
} 31. Rxe8+ {[%clk 0:46:54]} 31... Kh7 {[%clk 0:09:43]} 32. Bc3 {[%clk 0:47:03]
} 32... Rd7 {[%clk 0:10:04]} 33. f3 {[%clk 0:47:15]} 33... Kg6 {[%clk 0:09:24]}
34. Rg8 {[%clk 0:47:29]} 34... Kf5 {[%clk 0:09:38]} 35. Rxg7 {[%clk 0:47:36]}
35... Rd6 {[%clk 0:10:03]} 36. Rxa7 {[%clk 0:48:00]} 36... Kf4 {[%clk 0:10:25]}
37. Ra4+ {[%clk 0:47:57]} 37... Ke3 {[%clk 0:10:46]} 38. Re4+ {[%clk 0:48:21]}
38... Kd3 {[%clk 0:11:06]} 39. Rd4+ {[%clk 0:48:40]} 1-0

[Event "DEM U12 2017"]
[Site "Willingen GER"]
[Date "2017.06.09"]
[Round "9"]
[White "Morgenstern, Tobias"]
[Black "Bethke, Richard"]
[Result "1/2-1/2"]
[Termination "normal"]
[Board "5"]
[WhiteElo "1418"]
[BlackElo "2223"]
[WhiteClock "00:12:32"]
[BlackClock "00:20:37"]
[PlyCount "112"]
[WhiteFideId "12974390"]
[BlackFideId "12959243"]
[EventCountry "GER"]
[EventRounds "11"]
[EventType "swiss"]
[EventDate "2017.06.03"]

1. e4 {[%clk 1:15:56]} 1... c5 {[%clk 1:15:51]} 2. Nf3 {[%clk 1:16:15]} 2... d6
{[%clk 1:16:03]} 3. d4 {[%clk 1:16:38]} 3... cxd4 {[%clk 1:16:04]} 4. Nxd4 {
[%clk 1:17:06]} 4... Nf6 {[%clk 1:16:13]} 5. Nc3 {[%clk 1:17:28]} 5... a6 {
[%clk 1:16:18]} 6. Qf3 {[%clk 1:16:46]} 6... Nbd7 {[%clk 1:14:39]} 7. Be3 {
[%clk 1:11:43]} 7... Ne5 {[%clk 1:14:27]} 8. Qg3 {[%clk 1:08:52]} 8... Neg4 {
[%clk 0:55:50]} 9. Bd2 {[%clk 1:03:22]} 9... e5 {[%clk 0:47:12]} 10. Nf5 {
[%clk 0:59:44]} 10... g6 {[%clk 0:39:15]} 11. Ne3 {[%clk 0:58:45]} 11... Nxe3 {
[%clk 0:38:28]} 12. Bxe3 {[%clk 0:59:00]} 12... Qa5 {[%clk 0:36:29]} 13. O-O-O
{[%clk 0:55:06]} 13... b5 {[%clk 0:35:32]} 14. Kb1 {[%clk 0:50:10]} 14... b4 {
[%clk 0:35:16]} 15. Nd5 {[%clk 0:50:24]} 15... Nxd5 {[%clk 0:34:31]} 16. Rxd5 {
[%clk 0:50:34]} 16... Qc7 {[%clk 0:34:42]} 17. f3 {[%clk 0:46:47]} 17... Be6 {
[%clk 0:34:40]} 18. Rd2 {[%clk 0:46:23]} 18... a5 {[%clk 0:34:05]} 19. Bb5+ {
[%clk 0:44:06]} 19... Bd7 {[%clk 0:34:31]} 20. Bxd7+ {[%clk 0:44:14]} 20...
Qxd7 {[%clk 0:34:56]} 21. Rhd1 {[%clk 0:44:19]} 21... Qe6 {[%clk 0:32:39]} 22.
Rd5 {[%clk 0:40:00]} 22... Be7 {[%clk 0:29:38]} 23. f4 {[%clk 0:28:36]} 23...
f6 {[%clk 0:28:07]} 24. Qf3 {[%clk 0:26:38]} 24... O-O {[%clk 0:24:10]} 25. f5
{[%clk 0:26:16]} 25... Qf7 {[%clk 0:21:34]} 26. Bb6 {[%clk 0:23:50]} 26... Ra6
{[%clk 0:21:02]} 27. Bc7 {[%clk 0:23:34]} 27... Rc8 {[%clk 0:17:24]} 28. Bxd6 {
[%clk 0:22:57]} 28... Bxd6 {[%clk 0:14:06]} 29. Rxd6 {[%clk 0:22:05]} 29...
Rxd6 {[%clk 0:12:30]} 30. Rxd6 {[%clk 0:22:25]} 30... Qc7 {[%clk 0:10:26]} 31.
Qd3 {[%clk 0:22:22]} 31... Qc5 {[%clk 0:07:14]} 32. Qd5+ {[%clk 0:16:43]} 32...
Qxd5 {[%clk 0:07:39]} 33. Rxd5 {[%clk 0:17:09]} 33... Rc4 {[%clk 0:07:48]} 34.
fxg6 {[%clk 0:16:00]} 34... hxg6 {[%clk 0:07:02]} 35. Rxa5 {[%clk 0:14:33]}
35... Rxe4 {[%clk 0:07:28]} 36. b3 {[%clk 0:14:44]} 36... Re1+ {[%clk 0:07:48]}
37. Kb2 {[%clk 0:15:05]} 37... Re2 {[%clk 0:07:53]} 38. Rb5 {[%clk 0:12:39]}
38... Rxg2 {[%clk 0:08:19]} 39. Rxb4 {[%clk 0:13:02]} 39... f5 {[%clk 0:08:21]}
40. a4 {[%clk 0:12:31]} 40... Rd2 {[%clk 0:08:07]} 41. a5 {[%clk 0:11:35]}
41... Rd8 {[%clk 0:08:32]} 42. a6 {[%clk 0:11:29]} 42... Ra8 {[%clk 0:08:57]}
43. Ra4 {[%clk 0:11:48]} 43... f4 {[%clk 0:08:26]} 44. Kc1 {[%clk 0:10:16]}
44... Kf8 {[%clk 0:06:56]} 45. b4 {[%clk 0:07:30]} 45... Ke7 {[%clk 0:06:17]}
46. Kd2 {[%clk 0:06:04]} 46... Kd6 {[%clk 0:05:46]} 47. c4 {[%clk 0:03:04]}
47... e4 {[%clk 0:05:53]} 48. c5+ {[%clk 0:01:05]} 48... Kc6 {[%clk 0:06:16]}
49. b5+ {[%clk 0:12:51]} 49... Kxb5 {[%clk 0:21:39]} 50. Rxe4 {[%clk 0:13:15]}
50... Rxa6 {[%clk 0:21:30]} 51. Rxf4 {[%clk 0:13:33]} 51... Ra2+ { [%clk
0:20:50]} 52. Ke3 {[%clk 0:13:39]} 52... Kxc5 {[%clk 0:20:28]} 53. Rg4 { [%clk
0:13:17]} 53... Ra6 {[%clk 0:19:39]} 54. Rg5+ {[%clk 0:12:50]} 54... Kc4 {[%clk
0:20:02]} 55. h4 {[%clk 0:12:10]} 55... Re6+ {[%clk 0:20:13]} 56. Kf4 { [%clk
0:12:32]} 56... Kd4 {[%clk 0:20:37]} 1/2-1/2

[Event "DEM U12 2017"]
[Site "Willingen GER"]
[Date "2017.06.09"]
[Round "9"]
[White "Evering, Sören"]
[Black "Musiolik, David"]
[Result "1-0"]
[Termination "normal"]
[Board "6"]
[WhiteElo "1718"]
[BlackElo "1984"]
[WhiteClock "00:37:25"]
[BlackClock "00:31:17"]
[PlyCount "69"]
[WhiteFideId "12974650"]
[BlackFideId "12972355"]
[EventCountry "GER"]
[EventRounds "11"]
[EventType "swiss"]
[EventDate "2017.06.03"]

1. e4 {[%clk 1:15:53]} 1... e6 {[%clk 1:15:57]} 2. d4 {[%clk 1:16:13]} 2... d5
{[%clk 1:16:21]} 3. Nc3 {[%clk 1:16:36]} 3... Bb4 {[%clk 1:16:37]} 4. e5 {
[%clk 1:16:38]} 4... c5 {[%clk 1:17:01]} 5. a3 {[%clk 1:16:51]} 5... Bxc3+ {
[%clk 1:17:08]} 6. bxc3 {[%clk 1:17:16]} 6... Ne7 {[%clk 1:16:54]} 7. Qg4 {
[%clk 1:17:02]} 7... O-O {[%clk 1:17:23]} 8. Bd3 {[%clk 1:17:17]} 8... f5 {
[%clk 1:17:12]} 9. exf6 {[%clk 1:16:57]} 9... Rxf6 {[%clk 1:17:25]} 10. Bg5 {
[%clk 1:17:08]} 10... Rf7 {[%clk 1:17:25]} 11. Qh5 {[%clk 1:17:07]} 11... g6 {
[%clk 1:17:31]} 12. Qd1 {[%clk 1:16:46]} 12... Qa5 {[%clk 1:17:47]} 13. Nf3 {
[%clk 1:16:09]} 13... Nbc6 {[%clk 1:10:00]} 14. Qd2 {[%clk 1:14:26]} 14... Bd7
{[%clk 1:01:17]} 15. h4 {[%clk 1:09:21]} 15... Raf8 {[%clk 0:55:38]} 16. h5 {
[%clk 1:05:26]} 16... cxd4 {[%clk 0:54:12]} 17. hxg6 {[%clk 1:04:46]} 17...
hxg6 {[%clk 0:52:34]} 18. Bxe7 {[%clk 0:56:51]} 18... Rxe7 {[%clk 0:37:41]} 19.
Qh6 {[%clk 0:54:42]} 19... Rg7 {[%clk 0:32:15]} 20. Qh8+ {[%clk 0:42:08]} 20...
Kf7 {[%clk 0:32:08]} 21. Ng5+ {[%clk 0:42:18]} 21... Ke8 {[%clk 0:31:34]} 22.
Qxg7 {[%clk 0:42:32]} 22... Qxc3+ {[%clk 0:31:04]} 23. Ke2 {[%clk 0:40:45]}
23... Rxf2+ {[%clk 0:30:33]} 24. Kxf2 {[%clk 0:41:07]} 24... Qd2+ { [%clk
0:30:47]} 25. Be2 {[%clk 0:41:29]} 25... Qe3+ {[%clk 0:30:26]} 26. Kf1 { [%clk
0:41:45]} 26... Kd8 {[%clk 0:30:29]} 27. Qf6+ {[%clk 0:39:03]} 27... Kc7 {[%clk
0:30:15]} 28. Nf3 {[%clk 0:37:09]} 28... e5 {[%clk 0:30:09]} 29. Rh7 { [%clk
0:36:44]} 29... e4 {[%clk 0:30:14]} 30. Ne5 {[%clk 0:36:56]} 30... Nb8 { [%clk
0:30:27]} 31. Rh8 {[%clk 0:36:37]} 31... Nc6 {[%clk 0:30:29]} 32. Nxc6 { [%clk
0:36:36]} 32... bxc6 {[%clk 0:30:47]} 33. Qe5+ {[%clk 0:36:46]} 33... Kb6
{[%clk 0:31:10]} 34. Qb8+ {[%clk 0:37:01]} 34... Kc5 {[%clk 0:31:17]} 35. Qb4#
{[%clk 0:37:25]} 1-0

[Event "DEM U12 2017"]
[Site "Willingen GER"]
[Date "2017.06.09"]
[Round "9"]
[White "Stockmann, Till"]
[Black "Weihrauch, Jakob"]
[Result "0-1"]
[Termination "normal"]
[Board "7"]
[WhiteElo "1724"]
[BlackElo "1965"]
[WhiteClock "00:17:50"]
[BlackClock "00:15:14"]
[PlyCount "56"]
[WhiteFideId "12979341"]
[BlackFideId "16210115"]
[EventCountry "GER"]
[EventRounds "11"]
[EventType "swiss"]
[EventDate "2017.06.03"]

1. e4 {[%clk 1:15:58]} 1... c5 {[%clk 1:15:56]} 2. Nf3 {[%clk 1:16:13]} 2...
Nc6 {[%clk 1:16:20]} 3. d4 {[%clk 1:16:26]} 3... cxd4 {[%clk 1:16:46]} 4. Nxd4
{[%clk 1:16:42]} 4... g6 {[%clk 1:17:04]} 5. Nc3 {[%clk 1:16:49]} 5... Bg7 {
[%clk 1:17:27]} 6. Be3 {[%clk 1:17:05]} 6... Nf6 {[%clk 1:17:45]} 7. Bc4 {
[%clk 1:15:39]} 7... Qa5 {[%clk 1:17:58]} 8. O-O {[%clk 1:09:26]} 8... O-O {
[%clk 1:17:53]} 9. Nb3 {[%clk 1:04:25]} 9... Qc7 {[%clk 1:14:13]} 10. f4 {
[%clk 1:02:17]} 10... d6 {[%clk 1:13:40]} 11. Be2 {[%clk 1:01:33]} 11... Bd7 {
[%clk 1:06:48]} 12. g4 {[%clk 1:00:34]} 12... Be6 {[%clk 1:02:37]} 13. Nd2 {
[%clk 0:49:19]} 13... Qc8 {[%clk 0:44:04]} 14. g5 {[%clk 0:44:55]} 14... Ne8 {
[%clk 0:41:16]} 15. h4 {[%clk 0:42:23]} 15... Nb4 {[%clk 0:33:42]} 16. Ndb1 {
[%clk 0:38:07]} 16... d5 {[%clk 0:28:55]} 17. e5 {[%clk 0:33:29]} 17... f6 {
[%clk 0:19:40]} 18. exf6 {[%clk 0:28:12]} 18... exf6 {[%clk 0:20:02]} 19. a3 {
[%clk 0:26:20]} 19... Nc6 {[%clk 0:20:08]} 20. Bf3 {[%clk 0:24:26]} 20... d4 {
[%clk 0:18:15]} 21. Bxc6 {[%clk 0:19:46]} 21... dxc3 {[%clk 0:17:52]} 22. Bd5 {
[%clk 0:19:24]} 22... cxb2 {[%clk 0:17:34]} 23. Ra2 {[%clk 0:19:41]} 23... Nc7
{[%clk 0:15:55]} 24. Bb3 {[%clk 0:19:21]} 24... fxg5 {[%clk 0:14:40]} 25. fxg5
{[%clk 0:18:39]} 25... Rxf1+ {[%clk 0:14:35]} 26. Kxf1 {[%clk 0:17:49]} 26...
Bxb3 {[%clk 0:14:32]} 27. cxb3 {[%clk 0:18:08]} 27... Qh3+ {[%clk 0:14:57]} 28.
Ke2 {[%clk 0:17:50]} 28... Qg2+ {[%clk 0:15:14]} 0-1

[Event "DEM U12 2017"]
[Site "Willingen GER"]
[Date "2017.06.09"]
[Round "9"]
[White "Tham, Nam"]
[Black "Lutz, Adam"]
[Result "1/2-1/2"]
[Termination "normal"]
[Board "9"]
[WhiteElo "1762"]
[BlackElo "1787"]
[WhiteClock "01:05:51"]
[BlackClock "00:39:09"]
[PlyCount "42"]
[WhiteFideId "12997331"]
[BlackFideId "16226615"]
[EventCountry "GER"]
[EventRounds "11"]
[EventType "swiss"]
[EventDate "2017.06.03"]

1. e4 {[%clk 1:15:58]} 1... c5 {[%clk 1:15:55]} 2. Nf3 {[%clk 1:16:14]} 2... e6
{[%clk 1:16:11]} 3. d4 {[%clk 1:16:38]} 3... cxd4 {[%clk 1:16:35]} 4. Nxd4 {
[%clk 1:17:02]} 4... Nf6 {[%clk 1:16:57]} 5. Nc3 {[%clk 1:17:27]} 5... d6 {
[%clk 1:17:24]} 6. Bd3 {[%clk 1:17:39]} 6... a6 {[%clk 1:17:35]} 7. O-O { [%clk
1:18:02]} 7... Be7 {[%clk 1:17:23]} 8. Kh1 {[%clk 1:18:17]} 8... Qc7 { [%clk
1:17:26]} 9. f4 {[%clk 1:18:37]} 9... b5 {[%clk 1:17:45]} 10. a3 { [%clk
1:19:02]} 10... Bb7 {[%clk 1:18:07]} 11. Qe2 {[%clk 1:19:25]} 11... Nbd7 {[%clk
1:16:03]} 12. Bd2 {[%clk 1:19:47]} 12... O-O {[%clk 1:13:10]} 13. Rae1 { [%clk
1:20:05]} 13... Nc5 {[%clk 1:06:15]} 14. b4 {[%clk 1:18:57]} 14... Nxd3 { [%clk
1:03:31]} 15. cxd3 {[%clk 1:19:21]} 15... Rac8 {[%clk 1:00:11]} 16. Rc1 { [%clk
1:19:32]} 16... Qd7 {[%clk 1:00:04]} 17. Nb3 {[%clk 1:19:08]} 17... Rfd8 {[%clk
0:59:04]} 18. Rfd1 {[%clk 1:14:36]} 18... Qe8 {[%clk 0:41:47]} 19. Rf1 { [%clk
1:06:38]} 19... Qd7 {[%clk 0:40:03]} 20. Rfd1 {[%clk 1:05:27]} 20... Qe8 {[%clk
0:39:37]} 21. Rf1 {[%clk 1:05:51]} 21... Qd7 {[%clk 0:39:09]} 1/2-1/2